Statistiques concernant Pays les plus proches de l'équateur

Cliquez ici pour prendre le quiz!

Statistiques générales

  • Ce quiz a été pris 835 fois
  • Le résultat moyen est 10 sur 20

Statistiques - réponses

kmpays% Correct
0Brésil
96%
2Pérou
88%
0Colombie
87%
136Venezuela
77%
0Rép dém Congo
63%
0République du Congo
62%
0Équateur
61%
0Indonésie
59%
0Kenya
55%
173Malaisie
47%
0Gabon
45%
0Ouganda
42%
102Guinée équatoriale
40%
0Somalie
40%
116Rwanda
37%
127Singapour
27%
21Maldives
24%
0Sao Tomé-et-Principe
22%
13Kiribati
19%
55Nauru
12%

Distribution des résultats

Percentile par nombre de réponses

% des personnes avec chaque résultat

Votre développement - résultats

Vous n’avez pas pris ce quiz